000
00330 a2200157 4500
001
68099
020
_a
9783195017794
040
_c
Anchieta - Pituba
100
_a
Büttner, Siegfried
240
1
0
_a
Dabei! A1.2
_l
deu / ger
245
1
0
_a
Dabei! A1.2
300
_a
88
362
0
_a
2020
650
4
_a
Língua alemã
942
_c
BK
999
_c
68099
_d
68099